|
|
|
|
| LEADER |
00973aam a22002658a 4500 |
| 001 |
00043700 |
| 005 |
20190307080344.0 |
| 008 |
140604s2013 ||||||viesd |
| 020 |
# |
# |
|c 0
|a 978 604 53 6926 5
|
| 041 |
0 |
# |
|a vie
|
| 082 |
1 |
# |
|a 393.095 974 5
|b T106CH
|
| 100 |
1 |
# |
|a Đỗ, Văn Duy
|e Sưu tầm, biên soạn
|
| 245 |
1 |
0 |
|c Đỗ Văn Duy (Sưu tầm, biên soạn)
|a Tang chế- cúng kỵ và tế tự dân gian tỉnh Quảng Bình
|
| 260 |
# |
# |
|a Hà Nội
|b Hội nhà văn
|c 2016
|
| 300 |
# |
# |
|a 223 tr.
|c 21 cm.
|
| 500 |
# |
# |
|a ĐTTS ghi: Hội văn nghệ dân gian Việt Nam
|
| 653 |
# |
# |
|a Nghi lễ
|
| 653 |
# |
# |
|a Quảng Bình
|
| 653 |
# |
# |
|a Tang ma
|
| 653 |
# |
# |
|a Tín ngưỡng
|
| 653 |
# |
# |
|a Văn học dân gian
|
| 710 |
# |
# |
|a Hội văn nghệ dân gian Việt Nam
|
| 852 |
# |
# |
|j KD.0025595
|
| 910 |
0 |
# |
|d 7/3/2019
|
| 980 |
# |
# |
|a Trung tâm Học liệu Lê Vũ Hùng, Trường Đại học Đồng Tháp
|